• 首页
  • 本馆介绍
  • 公告通知
  • 最新文献
  • 馆藏检索
  • 电子资源
  • 读者导购
  • 参考咨询
  • 我的图书馆
  • 登录
  • 详细信息显示
  • 放入我的书架
  • 预约/预借图书
  • 作者相关作品
  • 分类相关作品
  • 丛书相关作品
  • 出版社相关作品

书目信息

  • 表格格式
  • 工作单格式
  • 卡片格式
题名:
人境庐诗草笺注
    
 
作者: 黄遵宪 著 ;钱仲联 笺注
分册: 中  
出版信息: 上海   上海古籍出版社  1981
页数: 395-872页
开本: 21cm
丛书名: 中国古典文学丛书
单 册:
中图分类: I222.752 , I211
科图分类:
主题词: 古典诗歌--注释--中国--清代 , 文学--作品集--中国
电子资源:
ISBN:
000 00851nam2 2200301 45
001 0181001926
005 20040415151833.3
010    @dCNY4.95
091    @aCN@b10186.267
100    @a19950626d1981 em y0chiy0121 ea
101 0  @achi
102    @aCN@b310000
105    @ay z 000gy
106    @ar
200 10 @a人境庐诗草笺注@Aren jing lu shi cao jian zhu@h中@f(清)黄遵宪著@g钱仲联笺注
210    @a上海@c上海古籍出版社@d1981
215    @a395-872页@d21cm
225 2  @a中国古典文学丛书
410  0 @120010@a中国古典文学丛书
606    @a古典诗歌@x注释@y中国@z清代
606 0  @a文学@x作品集@x中国
690    @aI222.752@v3
690    @aI211
701  0 @a黄遵宪@Ahuang zun xian@f清@4著
702  0 @a钱仲联@Aqian zhong lian@4笺注
801  0 @aCN@b上海图书馆@c20040415
801  2 @aCN@bNLC@c20040415
905    @f1@b79048@dI211@e64:2
    
    人境庐诗草笺注.中/(清)黄遵宪著/钱仲联笺注.-上海:上海古籍出版社,1981
    395-872页;21cm.-(中国古典文学丛书)
    
    
    ISBN :CNY4.95
    
●
相关链接 在E读中查询图书 在五车中查询图书 在当当中查询图书 在豆瓣中查询图书


正题名:人境庐诗草笺注     索取号:I211/64:2         预约/预借

序号 登录号 条形码 馆藏地/架位号 状态 备注
1 0079048   001401218   第二借阅区/ [索取号:I211/64:2] 在馆    
2 0079049   001401174   第一样本阅览室/ [索取号:I211/64:2] 在馆    
唐山师范学院图书馆 欢迎您!
大连网信软件有限公司© 版权所有